000 00779nam a2200217 i 4500
001 55316
003 ES-MaACL
005 20230906163123.0
007 t|
008 030917s1968 sp ||||1| spa d
100 1 _aDenbigh, Kenneth.
_943680
245 1 0 _aTeoría del reactor químico /
_cKenneth Denbigh ; versión Luis García Gutiérrez, Federico Esteban Ochoa de Retana ; revisión Pedro Luis y Luis, Luis Gutiérrez Jodra.
250 _a[1ª ed.].
260 _aMadrid :
_b[Alhambra],
_c1968.
300 _aX, 241 p. :
_bil. ;
_c20 cm.
700 1 _aGarcía Gutiérrez, Luis.
_954748
700 1 _aOchoa de Retana, Federico Esteban.
_986489
700 1 _aLuis y Luis, Pedro.
_974700
700 1 _aGutiérrez Jodra, Luis.
_961166
852 _aES-MaACL
_jG-3930
_bR.65480
999 _c55316
_d55316